01239njm a2200289Ia 450000100060000000300090000600500170001500800410003204000130007304000130008604100130009910000170011210000180012910000380014724500800018525000110026526000090027626000740028530000190035930000220037850002280040050500700062851100310069865000710072970000860080070000630088669193IT-RoPAU20220918181156.0131025s9999 xx 000 0 und d aIT-RoPAU cIT-RoPAU aITALIANO aMusso Adelmo eAutore musica gCodice autore musica SPICS: 20012 aMaria madre del Signore (libretto, cassetta e 45 diapositive)-Seconda parte a1a ed. aROMA bEP - CENTRO CATECHISTICOc1988 [1a Ed.:1988 - Ed. Lingua Orig.: 1988] aDIAPOMONTAGGIO c (Testo: 46 pag.) aDiapomontaggio catechistico sonorizzato. Itinerari di catechesi per bambini, ragazzi e adulti. Visualizzazione dei Vangeli di alcune feste liturgiche. Proposte per la preghiera del rosario. Schema per vivere un mese mariano aBrani biblici e liturgici riferiti ai Misteri dolorosi e gloriosi aGifuni Noemi, Lori Alberto aCATECHESI [DIAPOMONTAGGIO SONORIZZATO]eCodice MATERIA SPICS: 9971 aBattistella BrunaeAutore testo e musicagCodice autore testo/musica SPICS: 19969 aQuaglini Giuliana AgneseAutoregCodice autore SPICS: 2271